000 00811nam a2200217 a 4500
999 _c12486
_d12486
001 12486
003 BD-JhCC
005 20220327104220.0
008 220305s2020 bg |||| |||| 000 0 mul d
020 _a9789849363736
035 _a(BD-JhCC)
040 _aBD-JhCC
_dBD-JhCC
041 _aBangla and English
082 _a201 RAH
_b2020
100 _aরহমান, মোঃ আলবাবুর
245 _aহোমো রিলিজিয়সাস (মানুষ ধর্মীয় জীব) /
_cমোঃ আলবাবুর রহমান
260 _aঢাকা :
_bশ্রীহট্ট প্রকাশ,
_c২০২০
300 _a৩২৫ পৃ. :
_c২১ সেমি.
504 _aনির্ঘন্ট অর্ন্তভূক্ত।
942 _2ddc
_cBK